00595nam a22002177a 450000500170000001000110001702000100002803500110003803700190004904000120006808200180008010000150009824500580011325000120017126000350018327000370021830000280025550000570028365000160034065000210035620170124110055.0 a724264 c00.00 a724264 bCen. Lib./Ret. aDPLbEN a954.0841bDES aDesai, A R aRecent trends in Indian nationalism /cby A. R. Desai a2nd ed. aBombaybPopular Prakshanc1973 a53c Tardeo Road bBombaye400034 axviii,149p. :c21cm(Hb) aIncludes bibliographical references and index  aNationalism aEconomic history